000 00639nam a2200241Ia 4500
003 OSt
005 20220925200034.0
006 a|||||r|||| 00| 0
007 ta
008 220923b |||||||| |||| 00| 0 eng d
037 _cGeneral Book
040 _aRTL
_cRTL
_beng
041 _2eng
_aeng
082 _aU28, L8,M1
100 _aAnthes Richard A
245 0 _aAtmosphere.
250 _a3rd
260 _aColumbus
_bCharles E Merrill
_c1981
300 _axi, 531p. Appendix p 488-511
_ccm.
650 _aMeteorology
_9200073
942 _hU28, L8,M1
_cGB
_2CC
999 _c535198
_d535198